000 00455nam a2200181Ia 4500
001 19605
005 20260306172705.0
008 260306t2018||||xx |||||||||||||| ||spa||
041 _aESP
082 _a340.7
_bE373 Nº 30
100 _aZusman T., Shoschana
_eAUT
245 0 _aLa interpretación de la ley:
_bteoría y métodos
260 _c2018
300 _a202 páginas :
_c20 cm.
650 _aGEN
654 _aCDE
942 _cLIB
_dJUS
_fJUS
_2ddc
_n
999 _c19605
_d19605